| 000 | 00814nam a2200229 i 4500 | ||
|---|---|---|---|
| 001 | 125229 | ||
| 003 | ES-MaACL | ||
| 005 | 20250825062603.0 | ||
| 007 | t| | ||
| 008 | 070508s1928 sp ||||1| spa d | ||
| 080 | _a821.134.2-2"19" | ||
| 100 | 1 |
_aMarquina, Eduardo, _d1879-1946 _977043 |
|
| 245 | 1 | 0 |
_aDon Luis Mejía : _bcomedia de capa y espada, en cuatro actos, en verso / _cEduardo Marquina y A. Hernández Catá. |
| 260 |
_aMadrid : _bPrensa Moderna, _c1928. |
||
| 300 |
_a88 p. ; _c17 cm. |
||
| 490 | 1 |
_aEl teatro moderno ; _v167 |
|
| 594 | _aEstrenada en el Teatro Español, de Madrid, el día 17 de enero de 1925. | ||
| 700 | 1 |
_aHernández Catá, Alfonso, _d1885-1940 _962908 |
|
| 830 | 1 | 3 |
_aEl teatro moderno (Prensa Moderna) _v167 _9182365 |
| 852 | 4 |
_aES-MaACL _j2228-F-4 |
|
| 999 |
_c125229 _d125229 |
||